000 00538nam a2200169 i 4500
001 25315
003 ES-MaACL
005 20230906153233.0
007 t|
008 021223s1922 pn ||||1| spa d
100 1 _aArango, José Agustín.
_922303
245 1 0 _aDatos para la historia de la independencia del istmo proclamada el 3 de noviembre de 1903 /
_cJosé Agustín Arango.
260 _aPanamá :
_bEl Tiempo,
_c1922.
300 _a39 p. ;
_c24 cm.
651 4 _aCanal de Panamá-
_xHistoria.
_97942
852 _aES-MaACL
_j1723-F-12
999 _c25315
_d25315